[Event "Omsk Rating op"]
[Site "Omsk"]
[Date "2014.10.19"]
[Round "8"]
[White "Bogachkova, Alena"]
[Black "Vorvul, Sergey"]
[Result "1-0"]
[WhiteElo "2136"]
[BlackElo "1937"]
[PlyCount "47"]
[EventDate "2014.10.06"]
[EventType "swiss"]
[EventRounds "9"]
[EventCountry "RUS"]
[SourceTitle "EXT 2023"]
[Source "ChessBase"]
[SourceDate "2022.10.05"]
[SourceVersion "1"]
[SourceVersionDate "2022.10.05"]
[SourceQuality "1"]

1. e4 c5 2. Nf3 Nc6 3. d4 cxd4 4. Nxd4 Nf6 5. Nc3 e5 6. Ndb5 d6 7. Bg5 a6 8. Na3 b5 9. Nd5 Be7 10. Bxf6 Bxf6 11. c3 Bg5 12. Nc2 Ne7 13. h4 Bh6 14. a4 Rb8 15. axb5 axb5 16. Ncb4 Bd7 17. Nxe7 Qxe7 18. Ra7 Qe6 19. Na6 0-0 20. Nxb8 Rxb8 21. Be2 g6 22. Qd5 Bf8 23. 0-0 f5 24. Rxd7 1-0

[Event "Omsk op 12"]
[Site "Omsk"]
[Date "2013.12.11"]
[Round "7"]
[White "Vorvul, Sergey"]
[Black "Riabinina, Margarita"]
[Result "0-1"]
[WhiteElo "1979"]
[BlackElo "1724"]
[PlyCount "72"]
[EventDate "2013.12.01"]
[EventType "swiss"]
[EventRounds "9"]
[EventCountry "RUS"]
[SourceTitle "EXT 2016"]
[Source "ChessBase"]
[SourceDate "2015.10.08"]
[SourceVersion "1"]
[SourceVersionDate "2015.10.08"]
[SourceQuality "1"]

1. d4 Nf6 2. c4 c5 3. d5 d6 4. Nc3 e5 5. e4 g6 6. Nge2 Bg7 7. g3 0-0 8. Bg2 Re8 9. 0-0 a6 10. a4 Nbd7 11. Bd2 Qc7 12. b3 Nf8 13. Qc2 Bd7 14. f4 exf4 15. Nxf4 Ng4 16. Nfe2 Ne5 17. Rf2 Qc8 18. Raf1 Bh3 19. Bf4 Bxg2 20. Kxg2 Nfd7 21. h3 h6 22. Qd2 Kh7 23. Be3 Rh8 24. Nf4 Qe8 25. Nce2 Qe7 26. Nc3 Rae8 27. Nd3 Rhf8 28. Nxe5 Nxe5 29. Bf4 Nd7 30. e5 Nxe5 31. Re2 f5 32. Rfe1 g5 33. Be3 Qf6 34. Nd1 Qg6 35. Bf2 f4 36. Kh1 Nf3 0-1

[Event "Omsk-ch"]
[Site "Omsk"]
[Date "2013.02.14"]
[Round "6"]
[White "Strizhachenko, Yuri"]
[Black "Vorvul, Sergey"]
[Result "1-0"]
[WhiteElo "2143"]
[BlackElo "1969"]
[PlyCount "87"]
[EventDate "2013.02.09"]
[EventType "swiss"]
[EventRounds "9"]
[EventCountry "RUS"]
[SourceTitle "CBM 153 Extra"]
[Source "ChessBase"]
[SourceDate "2013.04.22"]
[SourceVersion "1"]
[SourceVersionDate "2013.04.22"]
[SourceQuality "1"]

1. c4 Nf6 2. d3 g6 3. e4 d6 4. Be2 Bg7 5. f4 e6 6. Bf3 c6 7. Nc3 Nbd7 8. d4 Nb6 9. Qb3 0-0 10. Nge2 Re8 11. 0-0 Qc7 12. e5 dxe5 13. fxe5 Nfd7 14. c5 Nd5 15. Nxd5 cxd5 16. Nc3 a6 17. Bf4 Nb8 18. Na4 Qc6 19. Nb6 Ra7 20. a4 Rd8 21. Be2 Qc7 22. Bg5 Rf8 23. Rad1 Nc6 24. Qc3 Bd7 25. b4 Be8 26. Rf3 a5 27. b5 Nxe5 28. dxe5 Bxe5 29. Qc1 Bxh2+ 30. Kh1 Be5 31. Bh6 Bg7 32. Rh3 Bxh6 33. Qxh6 f5 34. Qe3 Bf7 35. Nxd5 exd5 36. b6 f4 37. Qf2 Qb8 38. bxa7 Qxa7 39. Qh4 h5 40. Qg5 Qxc5 41. Bxh5 Qc6 42. Bg4 Be8 43. Qh6 Rf6 44. Qh8+ 1-0

[Event "Omsk-ch"]
[Site "Omsk"]
[Date "2013.02.10"]
[Round "2"]
[White "Vorvul, Sergey"]
[Black "Manchenko, Vladimir"]
[Result "1/2-1/2"]
[WhiteElo "1969"]
[BlackElo "2043"]
[PlyCount "39"]
[EventDate "2013.02.09"]
[EventType "swiss"]
[EventRounds "9"]
[EventCountry "RUS"]
[SourceTitle "CBM 153 Extra"]
[Source "ChessBase"]
[SourceDate "2013.04.22"]
[SourceVersion "1"]
[SourceVersionDate "2013.04.22"]
[SourceQuality "1"]

1. e4 d6 2. Nf3 g6 3. d4 Bg7 4. Nc3 Nf6 5. Bd3 0-0 6. 0-0 Bg4 7. h3 Bxf3 8. Qxf3 Nc6 9. Be3 e5 10. d5 Ne7 11. Ne2 c5 12. c4 a6 13. Rab1 b5 14. b3 b4 15. Bc1 a5 16. a4 bxa3 17. Bxa3 Nd7 18. g4 Nc8 19. Qg3 g5 20. Bc1 1/2-1/2

[Event "Omsk-ch"]
[Site "Omsk"]
[Date "2011.11.22"]
[Round "7"]
[White "Vorvul, Sergey"]
[Black "Manchenko, Vladimir"]
[Result "1-0"]
[WhiteElo "1967"]
[BlackElo "2074"]
[PlyCount "91"]
[EventDate "2011.11.13"]
[EventType "swiss"]
[EventRounds "9"]
[EventCountry "RUS"]
[SourceTitle "EXT 2013"]
[Source "ChessBase"]
[SourceDate "2012.11.22"]
[SourceVersion "1"]
[SourceVersionDate "2012.11.22"]
[SourceQuality "1"]

1. e4 d6 2. d4 g6 3. Nc3 Bg7 4. Bc4 c6 5. Nf3 Nf6 6. h3 0-0 7. 0-0 Nxe4 8. Nxe4 d5 9. Bd3 dxe4 10. Bxe4 Nd7 11. Be3 Nf6 12. Bd3 Nd5 13. Bc1 Qd6 14. Re1 Be6 15. c3 Nf4 16. Bf1 Rad8 17. Ng5 Bc8 18. Qa4 a6 19. Qa5 Nd5 20. Ne4 Qb8 21. Bg5 h6 22. Bh4 f5 23. Bg3 f4 24. Bh2 Kh8 25. Qa3 b5 26. Rad1 e5 27. dxe5 Bxe5 28. Qc5 Qc7 29. c4 Ne7 30. cxb5 axb5 31. Nc3 Rxd1 32. Rxd1 Rf5 33. Bd3 Rg5 34. Ne4 f3 35. Bxe5+ Qxe5 36. Qxe5+ Rxe5 37. gxf3 Bxh3 38. Bf1 Bf5 39. Ng3 Be6 40. f4 Rd5 41. Re1 Rd6 42. Ne4 Rd4 43. Nf6 Rxf4 44. Rxe6 Kg7 45. Rxe7+ Kxf6 46. Rc7 1-0

[Event "Omsk-ch"]
[Site "Omsk"]
[Date "2011.11.15"]
[Round "2"]
[White "Lunga, Oleg"]
[Black "Vorvul, Sergey"]
[Result "1/2-1/2"]
[WhiteElo "1619"]
[BlackElo "1967"]
[PlyCount "29"]
[EventDate "2011.11.13"]
[EventType "swiss"]
[EventRounds "9"]
[EventCountry "RUS"]
[SourceTitle "EXT 2013"]
[Source "ChessBase"]
[SourceDate "2012.11.22"]
[SourceVersion "1"]
[SourceVersionDate "2012.11.22"]
[SourceQuality "1"]

1. e4 e5 2. f4 exf4 3. Nf3 g5 4. d4 Bg7 5. Bc4 g4 6. 0-0 d6 7. Bxf4 gxf3 8. Qxf3 Bxd4+ 9. Kh1 Nf6 10. c3 Be5 11. Bxe5 dxe5 12. Qxf6 Qxf6 13. Rxf6 0-0 14. Nd2 Nd7 15. Rf5 1/2-1/2

[Event "Omsk-ch"]
[Site "Omsk"]
[Date "2011.11.13"]
[Round "1"]
[White "Vorvul, Sergey"]
[Black "Usatchev, Sergei"]
[Result "1-0"]
[WhiteElo "1967"]
[BlackElo "1880"]
[PlyCount "71"]
[EventDate "2011.11.13"]
[EventType "swiss"]
[EventRounds "9"]
[EventCountry "RUS"]
[SourceTitle "EXT 2013"]
[Source "ChessBase"]
[SourceDate "2012.11.22"]
[SourceVersion "1"]
[SourceVersionDate "2012.11.22"]
[SourceQuality "1"]

1. e4 c6 2. d4 d5 3. exd5 cxd5 4. Nc3 Nf6 5. Nf3 Nc6 6. Bb5 Bg4 7. 0-0 e6 8. Re1 Rc8 9. h3 Bxf3 10. Qxf3 Be7 11. Ne2 0-0 12. c3 e5 13. dxe5 Nxe5 14. Qf5 Nc4 15. Ba4 Nd6 16. Qe5 Nde4 17. Nd4 g6 18. Qf4 Nh5 19. Qf3 Bc5 20. Be3 Ng7 21. Rad1 Qe7 22. Bb3 Rcd8 23. Nc2 Bxe3 24. Nxe3 Ng5 25. Qg4 h5 26. Qd4 N7e6 27. Qxa7 Ra8 28. Qb6 Ra6 29. Qb5 Nxh3+ 30. gxh3 Qg5+ 31. Kf1 Qh4 32. Qxd5 Nf4 33. Qf3 Rf6 34. Ng2 Qg5 35. Nxf4 Rxf4 36. Qg2 1-0

[Event "Omsk CC-ch final"]
[Site "Omsk"]
[Date "2011.09.10"]
[Round "11"]
[White "Dobrovolsky, Gennady"]
[Black "Vorvul, Sergey"]
[Result "1-0"]
[WhiteElo "2056"]
[BlackElo "1978"]
[PlyCount "65"]
[EventDate "2011.08.20"]
[EventType "swiss"]
[EventRounds "11"]
[EventCountry "RUS"]
[SourceTitle "EXT 2023"]
[Source "ChessBase"]
[SourceDate "2022.10.05"]
[SourceVersion "1"]
[SourceVersionDate "2022.10.05"]
[SourceQuality "1"]

1. e4 c5 2. c3 Nf6 3. e5 Nd5 4. d4 e6 5. Bc4 Nb6 6. Bb3 Nc6 7. Nf3 cxd4 8. cxd4 d5 9. 0-0 Be7 10. a3 0-0 11. Bc2 Nd7 12. Nc3 f5 13. exf6 Bxf6 14. Qd3 g6 15. Bh6 Rf7 16. Qd2 Nf8 17. Ne2 Bg7 18. Bxg7 Kxg7 19. Ng5 Rf6 20. f4 Qb6 21. Nf3 Bd7 22. Rfb1 Rc8 23. b4 Ne7 24. Ne5 Bb5 25. Bd3 Nf5 26. Bxb5 Qxb5 27. Rc1 Rxc1+ 28. Rxc1 Qb6 29. Qc3 Nd6 30. Qc7+ Qxc7 31. Rxc7+ Kg8 32. Ng4 Rf5 33. Nh6+ 1-0

[Event "Omsk CC-ch final"]
[Site "Omsk"]
[Date "2011.09.08"]
[Round "10"]
[White "Vorvul, Sergey"]
[Black "Usatchev, Sergei"]
[Result "1-0"]
[WhiteElo "1978"]
[BlackElo "1856"]
[PlyCount "67"]
[EventDate "2011.08.20"]
[EventType "swiss"]
[EventRounds "11"]
[EventCountry "RUS"]
[SourceTitle "EXT 2023"]
[Source "ChessBase"]
[SourceDate "2022.10.05"]
[SourceVersion "1"]
[SourceVersionDate "2022.10.05"]
[SourceQuality "1"]

1. e4 c6 2. Nc3 g6 3. Bc4 Bg7 4. Nge2 b5 5. Bb3 a5 6. a4 b4 7. Nb1 Ba6 8. d3 d5 9. Nd2 e6 10. 0-0 Nd7 11. Re1 Ngf6 12. Ng3 Qc7 13. d4 dxe4 14. Ndxe4 0-0 15. c3 Rab8 16. c4 Nb6 17. Nxf6+ Bxf6 18. Ne4 Bg7 19. c5 Nc8 20. Be3 Ne7 21. Qf3 Nd5 22. Rad1 Nxe3 23. fxe3 Rbd8 24. Nd6 Bc8 25. Rf1 Rd7 26. h4 h6 27. h5 g5 28. Qe4 Re7 29. Rd2 f5 30. Nxf5 Ree8 31. Rdf2 Kh8 32. Nd6 Rxf2 33. Rxf2 Re7 34. Bc2 1-0

[Event "Omsk CC-ch final"]
[Site "Omsk"]
[Date "2011.08.31"]
[Round "6"]
[White "Abdulmanov, Marat"]
[Black "Vorvul, Sergey"]
[Result "0-1"]
[WhiteElo "2027"]
[BlackElo "1978"]
[PlyCount "50"]
[EventDate "2011.08.20"]
[EventType "swiss"]
[EventRounds "11"]
[EventCountry "RUS"]
[SourceTitle "EXT 2023"]
[Source "ChessBase"]
[SourceDate "2022.10.05"]
[SourceVersion "1"]
[SourceVersionDate "2022.10.05"]
[SourceQuality "1"]

1. e4 c5 2. Nf3 Nc6 3. Nc3 e5 4. Bc4 Be7 5. d3 d6 6. 0-0 Nf6 7. h3 a6 8. a4 0-0 9. Nh2 Be6 10. f4 Bxc4 11. dxc4 Nd4 12. Qd3 Qb6 13. a5 Qc6 14. Nf3 Rad8 15. Nd5 Nxd5 16. exd5 Qc7 17. fxe5 Nxf3+ 18. Rxf3 dxe5 19. Bd2 Bd6 20. Raf1 Rde8 21. Qe4 Qd7 22. g4 f6 23. c3 Qa4 24. h4 Qxa5 25. Rf5 Qd8 0-1

[Event "Omsk CC-ch final"]
[Site "Omsk"]
[Date "2011.08.24"]
[Round "3"]
[White "Strizhachenko, Yuri"]
[Black "Vorvul, Sergey"]
[Result "1-0"]
[WhiteElo "2105"]
[BlackElo "1978"]
[PlyCount "53"]
[EventDate "2011.08.20"]
[EventType "swiss"]
[EventRounds "11"]
[EventCountry "RUS"]
[SourceTitle "EXT 2023"]
[Source "ChessBase"]
[SourceDate "2022.10.05"]
[SourceVersion "1"]
[SourceVersionDate "2022.10.05"]
[SourceQuality "1"]

1. c4 Nf6 2. d4 e6 3. Nf3 b6 4. g3 Bb7 5. Bg2 Bb4+ 6. Bd2 Bxd2+ 7. Nbxd2 0-0 8. 0-0 d5 9. Ne5 Nbd7 10. Rc1 Nxe5 11. dxe5 Nd7 12. f4 c6 13. Nb3 Rc8 14. Qd2 Ba6 15. cxd5 cxd5 16. Rxc8 Qxc8 17. Rc1 Qb7 18. e4 dxe4 19. Qd4 f5 20. exf6 Nxf6 21. Qe5 Qd5 22. Bh3 Re8 23. Nd4 Bc4 24. b3 Qxe5 25. fxe5 Bd5 26. exf6 gxf6 27. Rc7 1-0

[Event "Omsk-ch"]
[Site "Omsk"]
[Date "2010.03.04"]
[Round "8"]
[White "Vorvul, Sergey"]
[Black "Feofanov, Alexander"]
[Result "1-0"]
[WhiteElo "1955"]
[BlackElo "1790"]
[PlyCount "31"]
[EventDate "2010.02.20"]
[EventType "swiss"]
[EventRounds "11"]
[EventCountry "RUS"]
[SourceTitle "CBM 135 Extra"]
[Source "ChessBase"]
[SourceDate "2010.05.04"]
[SourceVersion "1"]
[SourceVersionDate "2010.05.04"]
[SourceQuality "1"]

1. e4 c5 2. Nf3 Nc6 3. c3 d5 4. e5 Bf5 5. Qa4 e6 6. d4 a6 7. Bg5 Qc7 8. Nbd2 Nge7 9. dxc5 Ng6 10. g4 Be4 11. Nxe4 dxe4 12. Qxe4 Bxc5 13. Bg2 h6 14. Bf4 0-0 15. Bg3 Nge7 16. 0-0 1-0

[Event "Omsk Half CC-ch sf"]
[Site "Omsk"]
[Date "2009.06.14"]
[Round "6"]
[White "Vorvul, Sergey"]
[Black "Feofanov, Alexander"]
[Result "0-1"]
[WhiteElo "1980"]
[BlackElo "1788"]
[PlyCount "39"]
[EventDate "2009.06.05"]
[EventType "swiss"]
[EventRounds "9"]
[EventCountry "RUS"]
[SourceTitle "EXT 2021"]
[Source "ChessBase"]
[SourceDate "2020.10.23"]
[SourceVersion "1"]
[SourceVersionDate "2020.10.23"]
[SourceQuality "1"]

1. e4 c5 2. Nf3 Nc6 3. d4 cxd4 4. Nxd4 Nf6 5. Nc3 g6 6. Be2 Bg7 7. Be3 0-0 8. Qd2 d5 9. exd5 Nxd5 10. Nxc6 bxc6 11. Nxd5 cxd5 12. c3 Qc7 13. h4 Bb7 14. Rc1 f5 15. f4 e5 16. h5 Qd6 17. 0-0 a5 18. Bf3 e4 19. Be2 Rfd8 20. Bd4 0-1

[Event "Omsk Half CC-ch"]
[Site "Omsk"]
[Date "2009.??.??"]
[Round "2"]
[White "Vorvul, Sergey"]
[Black "Vinichenko, Vladimir"]
[Result "1-0"]
[WhiteElo "1980"]
[BlackElo "2235"]
[PlyCount "94"]
[EventDate "2009.??.??"]
[EventType "swiss"]
[EventRounds "9"]
[EventCountry "RUS"]
[SourceTitle "EXT 2011"]
[Source "ChessBase"]
[SourceDate "2010.11.26"]
[SourceVersion "1"]
[SourceVersionDate "2010.11.26"]
[SourceQuality "1"]

1. e4 c5 2. Nf3 Nc6 3. d4 cxd4 4. Nxd4 e5 5. Nxc6 bxc6 6. Bc4 Nf6 7. 0-0 Bc5 8. Nc3 0-0 9. Bg5 h6 10. Bh4 a5 11. Qd3 a4 12. Rad1 Qe7 13. b3 axb3 14. axb3 g5 15. Bg3 Ne8 16. Na4 Ba7 17. Qc3 d6 18. h3 Kh7 19. Be2 Qc7 20. Kh1 Be6 21. Bg4 Bxg4 22. hxg4 f6 23. Qf3 Ng7 24. Rd3 Rad8 25. Rfd1 Kg6 26. Nb2 Rh8 27. Kg1 Bb8 28. Nc4 Qe7 29. Ne3 Kf7 30. c4 Ba7 31. Nf5 Nxf5 32. Qxf5 h5 33. gxh5 Rxh5 34. Bxe5 Qxe5 35. Qxe5 fxe5 36. Rxd6 Rxd6 37. Rxd6 Bd4 38. Rxc6 Rh4 39. b4 Rxe4 40. Kf1 Bc3 41. f3 Re1+ 42. Kf2 Rb1 43. b5 Ke7 44. Ke3 Rb2 45. g4 Kd7 46. Ke4 Ba5 47. Rg6 Bd8 1-0

[Event "Omsk op"]
[Site "Omsk"]
[Date "2008.12.14"]
[Round "9"]
[White "Sosunov, Sergey"]
[Black "Vorvul, Sergey"]
[Result "1-0"]
[WhiteElo "1719"]
[BlackElo "2065"]
[PlyCount "111"]
[EventDate "2008.11.23"]
[EventType "swiss"]
[EventRounds "9"]
[EventCountry "RUS"]
[SourceTitle "CBM 127 Extra"]
[Source "ChessBase"]
[SourceDate "2009.01.08"]
[SourceVersion "2"]
[SourceVersionDate "2009.01.28"]
[SourceQuality "1"]

1. d4 Nf6 2. c4 e6 3. g3 d5 4. Bg2 c6 5. cxd5 cxd5 6. a3 Nc6 7. Bg5 Be7 8. Bxf6 Bxf6 9. Nf3 Qb6 10. e3 Qxb2 11. Nbd2 Qb5 12. Bf1 Qa5 13. Be2 e5 14. dxe5 Nxe5 15. Nxe5 Bxe5 16. Rb1 a6 17. 0-0 0-0 18. Bf3 Rb8 19. Nb3 Qxa3 20. Bxd5 Bh3 21. Bg2 Rfd8 22. Qh5 Bxg2 23. Kxg2 Qe7 24. Rfd1 g6 25. Qe2 Rxd1 26. Rxd1 b5 27. Kg1 Qb4 28. Qc2 Qc3 29. Qb1 a5 30. Nd4 Bxd4 31. Rxd4 b4 32. Rd3 Qc4 33. Rd4 Qc3 34. Rd3 Qc6 35. Qd1 Qb5 36. Rd5 Qb6 37. Rd6 Qa7 38. Rd7 Rb7 39. Rd8+ Kg7 40. Qd6 Re7 41. Qd2 Qc7 42. g4 h6 43. h4 Qe5 44. Rd5 Qa1+ 45. Kg2 Re5 46. Rd8 Re6 47. Ra8 Qe5 48. Qd8 Qe4+ 49. Kg3 Qxa8 50. Qxa8 Re5 51. Qa7 Rb5 52. Qd4+ Kh7 53. Qd7 Rb6 54. Qxf7+ Kh8 55. Qe8+ Kg7 56. Qe7+ 1-0

[Event "Omsk op"]
[Site "Omsk"]
[Date "2008.12.07"]
[Round "7"]
[White "Vorvul, Sergey"]
[Black "Bereziy, Petr"]
[Result "1-0"]
[WhiteElo "2065"]
[BlackElo "1794"]
[PlyCount "57"]
[EventDate "2008.11.23"]
[EventType "swiss"]
[EventRounds "9"]
[EventCountry "RUS"]
[SourceTitle "CBM 127 Extra"]
[Source "ChessBase"]
[SourceDate "2009.01.08"]
[SourceVersion "2"]
[SourceVersionDate "2009.01.28"]
[SourceQuality "1"]

1. e4 d6 2. Bc4 Nf6 3. Nc3 Nxe4 4. Bxf7+ Kxf7 5. Nxe4 h6 6. d4 c6 7. c3 Qa5 8. Ne2 Bf5 9. N4g3 Bg6 10. Qb3+ e6 11. Qxb7+ Be7 12. Qxa8 Qa6 13. Be3 d5 14. Bf4 Qb6 15. a4 a5 16. b4 Bxb4 17. cxb4 Qxb4+ 18. Bd2 Qb2 19. Rc1 Rf8 20. Qxa5 h5 21. h4 Kg8 22. 0-0 Bd3 23. Qc3 Qxc3 24. Rxc3 Bc4 25. Re3 Re8 26. Nxh5 Nd7 27. Re1 Nf6 28. Nxf6+ gxf6 29. Nf4 1-0

[Event "Omsk op"]
[Site "Omsk"]
[Date "2008.11.27"]
[Round "2"]
[White "Adamson, Konstantin"]
[Black "Vorvul, Sergey"]
[Result "1-0"]
[WhiteElo "2161"]
[BlackElo "2065"]
[PlyCount "79"]
[EventDate "2008.11.23"]
[EventType "swiss"]
[EventRounds "9"]
[EventCountry "RUS"]
[SourceTitle "CBM 127 Extra"]
[Source "ChessBase"]
[SourceDate "2009.01.08"]
[SourceVersion "2"]
[SourceVersionDate "2009.01.28"]
[SourceQuality "1"]

1. e4 c5 2. Nf3 Nc6 3. d4 cxd4 4. Nxd4 g6 5. c4 Bg7 6. Be3 Nf6 7. Nc3 d6 8. Be2 0-0 9. 0-0 a6 10. Qd2 Bd7 11. Rfd1 Rc8 12. b3 Ng4 13. Bxg4 Bxg4 14. f3 Bd7 15. Rac1 Qa5 16. Nd5 Qxd2 17. Rxd2 Rfe8 18. Nb6 Rcd8 19. Rcd1 Nxd4 20. Bxd4 Bh6 21. Rd3 Bc6 22. Bf2 Rb8 23. b4 Bf8 24. a4 Red8 25. b5 Be8 26. e5 f6 27. exf6 exf6 28. Bg3 Kf7 29. Bxd6 Bxd6 30. Rxd6 Rxd6 31. Rxd6 Ke7 32. Rd2 Rd8 33. Rxd8 Kxd8 34. Kf2 Kc7 35. Nd5+ Kd6 36. Ke3 f5 37. Kd4 Bf7 38. c5+ Kd7 39. Nf6+ Kc7 40. Nxh7 1-0